000 00924nam0a2200253 4500
001 RU\NLR\BIBL_A\011278729
005 20250626035512.0
035 _a(NLR Aleph) 011278729
090 _a10862318
_c10862318
100 _a20161125d1927 |||y0rusy50 ca
101 0 _aalt
102 _aRU
105 _ay z 000 y
200 1 _aАктардын мэкэзи
_e1921-ле 22 jылдардагы jӱрӱм
_eкуучын-ойын, 3 болӱктӱ
_fА. В. Тозыяков
210 _aУлалу
_cОйрот облколлегиязы
_d1927
215 _a28 с.
_d17
541 1 _a[Лукавство белых
_eпьеса в 3 ч.]
_zrus
686 1 _aШ6(2=Алт)7-6
700 1 _aТозыяков
_bА. В.
_f1882-1938
_gАлексей Васильевич
_4070
852 _aNLR
_bОНЛ
_jАлт./2-347
852 _aNLR
_bОНЛ
_jАлт./2-347
942 _cBOOK
980 _aNB